[Event "ESP-chT CECLUB Div2"]
[Site "Linares"]
[Date "2018.08.18"]
[Round "7.6"]
[White "De la Cruz Revilla, Miguel"]
[Black "Rubio Tapia, Jose Juan"]
[Result "1/2-1/2"]
[WhiteElo "2159"]
[BlackElo "2103"]
[PlyCount "34"]
[EventDate "2018.08.14"]
[EventType "team-swiss"]
[EventRounds "7"]
[EventCountry "ESP"]
[SourceTitle "CBM 186 Extra"]
[Source "ChessBase"]
[SourceDate "2018.08.24"]
[SourceVersion "1"]
[SourceVersionDate "2018.08.24"]
[SourceQuality "1"]
[WhiteTeam "Promesas de Valladolid"]
[BlackTeam "Reverte Minerals"]
[WhiteTeamCountry "ESP"]
[BlackTeamCountry "ESP"]

1. e4 e5 2. Nf3 Nf6 3. Nxe5 d6 4. Nf3 Nxe4 5. Nc3 Nxc3 6. dxc3 Be7 7. Be3 0-0 8. Qd2 Re8 9. 0-0-0 Nc6 10. Kb1 a5 11. Nd4 Nxd4 12. Bxd4 Bf6 13. Be3 Be6 14. Bb5 Bd7 15. Bc4 Be6 16. Bb5 Bd7 17. Bc4 Be6 1/2-1/2

[Event "ESP-chT CECLUB Div2"]
[Site "Linares"]
[Date "2018.08.17"]
[Round "6.6"]
[White "Rubio Tapia, Jose Juan"]
[Black "Sanchez Jerez, Emilio Miguel"]
[Result "0-1"]
[WhiteElo "2103"]
[BlackElo "2246"]
[PlyCount "60"]
[EventDate "2018.08.14"]
[EventType "team-swiss"]
[EventRounds "7"]
[EventCountry "ESP"]
[SourceTitle "CBM 186 Extra"]
[Source "ChessBase"]
[SourceDate "2018.08.24"]
[SourceVersion "1"]
[SourceVersionDate "2018.08.24"]
[SourceQuality "1"]
[WhiteTeam "Reverte Minerals"]
[BlackTeam "Beniajan Duochess CAC II"]
[WhiteTeamCountry "ESP"]
[BlackTeamCountry "ESP"]

1. d4 e6 2. Nf3 b6 3. g3 Bb7 4. Bg2 c5 5. e3 Qc7 6. 0-0 Nf6 7. b3 d6 8. Bb2 Be7 9. c4 0-0 10. Nc3 a6 11. Rc1 Ne4 12. Nxe4 Bxe4 13. Ne1 Bxg2 14. Nxg2 Bf6 15. Nf4 g6 16. Qf3 Nd7 17. h4 Bg7 18. Kg2 h5 19. g4 hxg4 20. Qxg4 Nf6 21. Qf3 e5 22. Nd5 Nxd5 23. Qxd5 Qe7 24. Rh1 exd4 25. exd4 Qe2 26. Ba1 Rae8 27. Qxd6 Re4 28. Rh3 cxd4 29. h5 Be5 30. Qd5 Qg4+ 0-1

[Event "ESP-chT CECLUB Div2"]
[Site "Linares"]
[Date "2018.08.16"]
[Round "4.5"]
[White "Figuero Toro, Julian Francisco"]
[Black "Rubio Tapia, Jose Juan"]
[Result "1-0"]
[WhiteElo "2263"]
[BlackElo "2103"]
[PlyCount "147"]
[EventDate "2018.08.14"]
[EventType "team-swiss"]
[EventRounds "7"]
[EventCountry "ESP"]
[SourceTitle "CBM 186 Extra"]
[Source "ChessBase"]
[SourceDate "2018.08.24"]
[SourceVersion "1"]
[SourceVersionDate "2018.08.24"]
[SourceQuality "1"]
[WhiteTeam "Casareno iAcere"]
[BlackTeam "Reverte Minerals"]
[WhiteTeamCountry "ESP"]
[BlackTeamCountry "ESP"]

1. Nf3 Nf6 2. d4 g6 3. Nc3 d5 4. Bf4 Bg7 5. Nb5 Na6 6. e3 c6 7. Nc3 Nc7 8. h3 0-0 9. Be2 Bf5 10. 0-0 Ne6 11. Bh2 g5 12. Ne5 Nd7 13. Bd3 Bxd3 14. Nxd3 f5 15. Ne2 Qe8 16. c3 Qh5 17. Ng3 Qxd1 18. Raxd1 f4 19. exf4 Nxf4 20. Rfe1 Nxd3 21. Rxd3 e5 22. Nh5 e4 23. Rg3 Rf5 24. h4 h6 25. hxg5 hxg5 26. f3 Re8 27. fxe4 dxe4 28. Rge3 Nf6 29. Nxf6+ Bxf6 30. Rxe4 Rxe4 31. Rxe4 Kf7 32. g4 Rf3 33. Kg2 Rd3 34. Re2 a6 35. Bg1 Be7 36. Be3 Kg6 37. Re1 Bd6 38. Kf3 c5 39. Ke4 c4 40. a4 b5 41. axb5 axb5 42. Ra1 Be7 43. Ra7 Bf6 44. Rb7 Rd1 45. Rxb5 Re1 46. Rb4 Re2 47. Kf3 Rc2 48. Bf2 Be7 49. Rb7 Bf6 50. Ke3 Rc1 51. Rb4 Rb1 52. Ke2 Be7 53. Rb7 Bf6 54. Be1 Bd8 55. Kd2 Bf6 56. Bf2 Rf1 57. Ke2 Rb1 58. Kf3 Bd8 59. Be3 Bf6 60. Rb4 Be7 61. Rxc4 Rxb2 62. Rc6+ Kf7 63. Ke4 Re2 64. c4 Re1 65. c5 Bd8 66. Ra6 Be7 67. Ra7 Kf6 68. c6 Rh1 69. Kd5 Rh2 70. Bxg5+ Kxg5 71. Rxe7 Kxg4 72. c7 Rc2 73. Kd6 Kf5 74. Re8 1-0

[Event "ESP-chT CECLUB Div2"]
[Site "Linares"]
[Date "2017.08.09"]
[Round "3.5"]
[White "Claros Egea, Christian"]
[Black "Rubio Tapia, Jose Juan"]
[Result "1-0"]
[WhiteElo "2227"]
[BlackElo "2074"]
[PlyCount "79"]
[EventDate "2017.08.08"]
[EventType "team"]
[EventRounds "7"]
[EventCountry "ESP"]
[SourceTitle "CBM 179 Extra"]
[Source "ChessBase"]
[SourceDate "2017.08.23"]
[SourceVersion "1"]
[SourceVersionDate "2017.08.23"]
[SourceQuality "1"]
[WhiteTeam "Miraflores Smartick"]
[BlackTeam "Reverte Minerals"]
[WhiteTeamCountry "ESP"]
[BlackTeamCountry "ESP"]

1. e4 e5 2. Nf3 Nf6 3. Nxe5 d6 4. Nf3 Nxe4 5. Nc3 Nf6 6. d4 Be7 7. Bd3 0-0 8. h3 Nc6 9. a3 Re8 10. 0-0 Bd7 11. Ne2 Qc8 12. Ng3 h6 13. c4 d5 14. c5 a5 15. Be3 b6 16. cxb6 cxb6 17. Ne5 Bd6 18. f4 Bxh3 19. gxh3 Qxh3 20. Rf3 Ng4 21. Nxg4 Qxg4 22. Bf5 Qh4 23. Kg2 Rxe3 24. Rxe3 Bxf4 25. Rf3 Re8 26. Bd7 Bxg3 27. Rxg3 Qe4+ 28. Kh3 Nxd4 29. Bxe8 Ne2 30. Qf1 f5 31. Re1 Nf4+ 32. Kh2 Qd4 33. Bg6 Nxg6 34. Rxg6 Qh4+ 35. Kg2 f4 36. Qf2 f3+ 37. Kg1 Qh5 38. Qg3 f2+ 39. Kxf2 Qf5+ 40. Kg1 1-0

[Event "Andalucia-chA"]
[Site "Roquetas de Mar"]
[Date "2017.05.20"]
[Round "6"]
[White "Rubio Tapia, Jose Juan"]
[Black "Lopez Gonzalez, Daniel"]
[Result "1/2-1/2"]
[WhiteElo "2090"]
[BlackElo "2310"]
[PlyCount "93"]
[EventDate "2017.05.13"]
[EventType "swiss"]
[EventRounds "8"]
[EventCountry "ESP"]
[SourceTitle "EXT 2020"]
[Source "ChessBase"]
[SourceDate "2019.10.17"]
[SourceVersion "1"]
[SourceVersionDate "2019.10.17"]
[SourceQuality "1"]

1. d4 e6 2. c4 Nf6 3. Nf3 d5 4. e3 Bb4+ 5. Bd2 Be7 6. Nc3 0-0 7. Bd3 c5 8. dxc5 Bxc5 9. 0-0 Nc6 10. Qe2 a6 11. Rac1 Ba7 12. Rfd1 Qe7 13. e4 dxc4 14. Bxc4 Ng4 15. Be1 Qf6 16. h3 Nge5 17. Nxe5 Nxe5 18. Bb3 b5 19. Bd2 Bb7 20. Be3 Bxe3 21. Qxe3 g5 22. Rd6 Rfd8 23. Rcd1 Rxd6 24. Rxd6 Rd8 25. Qb6 Rxd6 26. Qxd6 Kg7 27. Qb6 Bc6 28. Qe3 h6 29. Ne2 a5 30. Nd4 a4 31. Bc2 Bd7 32. Qc3 Nc6 33. Nxb5 e5 34. Qc5 Qf4 35. Qe3 Qf6 36. Bxa4 Nd4 37. Nc3 Be6 38. Bd1 Qe7 39. a3 Qc5 40. Qd3 Bc4 41. Qd2 Qa5 42. Qe3 f6 43. Kh2 Kg6 44. h4 gxh4 45. Kh3 Qd8 46. g3 hxg3 47. Qxg3+ 1/2-1/2

[Event "Andalucia-chA"]
[Site "Roquetas de Mar"]
[Date "2017.05.14"]
[Round "3"]
[White "Garcia Navarro, Jose Jesus"]
[Black "Rubio Tapia, Jose Juan"]
[Result "1/2-1/2"]
[WhiteElo "1807"]
[BlackElo "2090"]
[PlyCount "115"]
[EventDate "2017.05.13"]
[EventType "swiss"]
[EventRounds "8"]
[EventCountry "ESP"]
[SourceTitle "EXT 2020"]
[Source "ChessBase"]
[SourceDate "2019.10.17"]
[SourceVersion "1"]
[SourceVersionDate "2019.10.17"]
[SourceQuality "1"]

1. e4 e5 2. d4 exd4 3. Nf3 Nf6 4. e5 Ne4 5. Qxd4 d5 6. exd6 Nxd6 7. Bd3 Nc6 8. Qf4 Be7 9. 0-0 0-0 10. Nc3 Be6 11. Be3 Qd7 12. Rad1 Rad8 13. Ng5 Bxg5 14. Qxg5 Ne7 15. Bb5 c6 16. Bc5 Qc7 17. Bd3 Nd5 18. Qh4 f5 19. Nxd5 cxd5 20. Ba3 Rf6 21. Qf4 Qb6 22. b3 Rg6 23. Bb2 Ne4 24. Qe5 Ng5 25. Kh1 Nf7 26. Qe2 Qc7 27. f4 d4 28. Rde1 Nh6 29. Bc4 Bxc4 30. bxc4 Ng4 31. Bxd4 Qf7 32. c3 b6 33. h3 Nf6 34. Bxf6 Rxf6 35. Rd1 Rc8 36. Rd5 Rfc6 37. Rfd1 h6 38. Rd8+ Kh7 39. Rxc8 Rxc8 40. Rd5 Rc7 41. Qd3 g6 42. Qd4 Qg7 43. Qd3 Qf7 44. a4 h5 45. Kg1 Qe7 46. Re5 Qf7 47. Rd5 Qe7 48. Kf1 Qe6 49. Kf2 Re7 50. Re5 Qf6 51. Rxe7+ Qxe7 52. Kf3 Qc7 53. Qd5 Qg7 54. Qd4 Qc7 55. Ke3 Qe7+ 56. Kd2 Qc7 57. Ke3 Qe7+ 58. Kf3 1/2-1/2

[Event "Almeria Sola Memorial-A 2nd"]
[Site "Almeria"]
[Date "2015.12.20"]
[Round "6"]
[White "Rubio Tapia, Jose Juan"]
[Black "Hernandez Munoz, Antonio Ramon"]
[Result "1/2-1/2"]
[WhiteElo "2101"]
[BlackElo "2185"]
[PlyCount "47"]
[EventDate "2015.12.18"]
[EventType "swiss"]
[EventRounds "6"]
[EventCountry "ESP"]
[SourceTitle "CBM 170 Extra"]
[Source "ChessBase"]
[SourceDate "2016.02.25"]
[SourceVersion "1"]
[SourceVersionDate "2016.02.25"]
[SourceQuality "1"]

1. d4 Nf6 2. c4 g6 3. Nc3 d5 4. Bg5 Bg7 5. Bxf6 Bxf6 6. cxd5 c6 7. dxc6 Bxd4 8. cxb7 Bxb7 9. e3 Bxc3+ 10. bxc3 0-0 11. Qxd8 Rxd8 12. Nf3 Bxf3 13. gxf3 Nc6 14. Bb5 Ne5 15. Ke2 Rd5 16. Rab1 a6 17. Ba4 Rc8 18. Rhc1 Nd3 19. Rc2 Nc5 20. Rb4 Rh5 21. h4 a5 22. Rc4 Rb8 23. Rd2 Rb1 24. Bc6 1/2-1/2

[Event "Almeria Sola Memorial-A 2nd"]
[Site "Almeria"]
[Date "2015.12.19"]
[Round "3"]
[White "Rubio Tapia, Jose Juan"]
[Black "Arboledas Fernandez, Antonio A"]
[Result "0-1"]
[WhiteElo "2101"]
[BlackElo "2102"]
[PlyCount "46"]
[EventDate "2015.12.18"]
[EventType "swiss"]
[EventRounds "6"]
[EventCountry "ESP"]
[SourceTitle "CBM 170 Extra"]
[Source "ChessBase"]
[SourceDate "2016.02.25"]
[SourceVersion "1"]
[SourceVersionDate "2016.02.25"]
[SourceQuality "1"]

1. d4 d5 2. c4 c6 3. Nc3 e6 4. e4 dxe4 5. Nxe4 Bb4+ 6. Bd2 Qxd4 7. Bxb4 Qxe4+ 8. Be2 Na6 9. Ba5 Bd7 10. Qd6 Qxg2 11. 0-0-0 Qg5+ 12. Kb1 Nf6 13. Bc3 0-0-0 14. Qa3 c5 15. Ba5 Bc6 16. Bxd8 Be4+ 17. Bd3 Rxd8 18. Ne2 Bxh1 19. Rxh1 Qd2 20. Nc1 Nb4 21. Be2 Qc2+ 22. Ka1 Rd2 23. Bf3 Qf5 0-1

[Event "Benidorm op U2300 12th"]
[Site "Benidorm"]
[Date "2013.12.01"]
[Round "4"]
[White "Olhovik, Andrei"]
[Black "Rubio Tapia, Jose Juan"]
[Result "1-0"]
[WhiteElo "2252"]
[BlackElo "2130"]
[PlyCount "57"]
[EventDate "2013.11.29"]
[EventType "swiss"]
[EventRounds "10"]
[EventCountry "ESP"]
[SourceTitle "CBM 157 Extra"]
[Source "ChessBase"]
[SourceDate "2013.12.19"]
[SourceVersion "1"]
[SourceVersionDate "2013.12.19"]
[SourceQuality "1"]

1. d4 Nf6 2. c4 g6 3. g3 c5 4. Nf3 Bg7 5. d5 0-0 6. Nc3 d6 7. Bg2 e5 8. 0-0 Na6 9. Ne1 Nc7 10. Nd3 Rb8 11. a4 b6 12. e4 a6 13. f4 exf4 14. Bxf4 Ng4 15. h3 Bd4+ 16. Kh1 Ne3 17. Bxe3 Bxe3 18. e5 b5 19. exd6 Qxd6 20. Ne4 Qd8 21. Ne5 Bb7 22. Nd7 bxc4 23. Nxb8 Qxb8 24. Nf6+ Kg7 25. Nd7 Qd8 26. Nxf8 Qxf8 27. d6 Bxg2+ 28. Kxg2 Ne6 29. Qd5 1-0

[Event "ESP-chT CECLUB Div2"]
[Site "Ciudad Real"]
[Date "2013.08.11"]
[Round "6.1"]
[White "Rubio Tapia, Jose Juan"]
[Black "Pallardo Lozoya, Jose Vicente"]
[Result "0-1"]
[WhiteElo "2129"]
[BlackElo "2357"]
[PlyCount "84"]
[EventDate "2013.08.07"]
[EventType "team-swiss"]
[EventRounds "6"]
[EventCountry "ESP"]
[SourceTitle "CBM 155 Extra"]
[Source "ChessBase"]
[SourceDate "2013.08.26"]
[SourceVersion "1"]
[SourceVersionDate "2013.08.26"]
[SourceQuality "1"]
[WhiteTeam "Albox Reverte"]
[BlackTeam "Silla"]
[WhiteTeamCountry "ESP"]
[BlackTeamCountry "ESP"]

1. d4 e6 2. c4 Nf6 3. Nf3 b6 4. e3 Bb7 5. Bd3 c5 6. 0-0 Be7 7. Nc3 cxd4 8. exd4 0-0 9. Bf4 d5 10. Qe2 dxc4 11. Bxc4 Nc6 12. Rfd1 Nb4 13. Ng5 Nfd5 14. Qh5 h6 15. Nh3 Nxf4 16. Nxf4 Qc7 17. a3 Qxc4 18. axb4 Qxb4 19. Rd3 Qxb2 20. Rb1 Qc2 21. Rg3 Bg5 22. Nfe2 Ba6 23. Rf1 Qg6 24. Qf3 Qf5 25. Qc6 Rfc8 26. Qd7 Rxc3 27. Rxc3 Bxe2 28. Ra1 a5 29. Qb7 Qd5 30. Qxb6 Bd8 31. Qb2 Qxd4 32. Rac1 Ba6 33. Qc2 Bf6 34. Rc7 Bd3 35. Qc6 Be4 36. Qb5 a4 37. R7c4 Qd5 38. Rc5 Qb7 39. Qc4 Bxg2 40. Rc7 Qe4 41. Qb5 Qg6 42. Qb4 Bh3+ 0-1

[Event "ESP-chT CECLUB Div2"]
[Site "Ciudad Real"]
[Date "2013.08.08"]
[Round "3.4"]
[White "Fidalgo Fernandez, Lucia"]
[Black "Rubio Tapia, Jose Juan"]
[Result "0-1"]
[WhiteElo "2137"]
[BlackElo "2129"]
[PlyCount "102"]
[EventDate "2013.08.07"]
[EventType "team-swiss"]
[EventRounds "6"]
[EventCountry "ESP"]
[SourceTitle "CBM 155 Extra"]
[Source "ChessBase"]
[SourceDate "2013.08.26"]
[SourceVersion "1"]
[SourceVersionDate "2013.08.26"]
[SourceQuality "1"]
[WhiteTeam "Covadonga Cultura"]
[BlackTeam "Albox Reverte"]
[WhiteTeamCountry "ESP"]
[BlackTeamCountry "ESP"]

1. d4 d5 2. Bf4 Nf6 3. e3 e6 4. Nd2 c5 5. c3 Nc6 6. Ngf3 Bd6 7. Bg3 0-0 8. Bd3 Re8 9. Ne5 Bxe5 10. dxe5 Nd7 11. f4 c4 12. Bc2 Qb6 13. 0-0 Qxb2 14. Nf3 Qxc3 15. Bxh7+ Kf8 16. Ng5 Ke7 17. Bh4 f6 18. Nxe6 Kxe6 19. Qg4+ Ke7 20. e6 Nf8 21. Qxg7+ Kxe6 22. Bg8+ Kd6 23. Rad1 Be6 24. Bxf6 Qxe3+ 25. Kh1 Bxg8 26. Qxg8 Ne6 27. Qg4 Nc5 28. Be5+ Nxe5 29. fxe5+ Qxe5 30. Qxc4 Rh8 31. h3 Qe4 32. Rf6+ Ke7 33. Qf1 Rxh3+ 34. Kg1 Re3 35. Rf7+ Kd6 36. Qf6+ Qe6 37. Qf4+ Qe5 38. Qh6+ Ne6 39. Qh4 Re8 40. Rxb7 Nc5 41. Qh6+ Qe6 42. Qf4+ Qe5 43. Qh6+ Ne6 44. Qh4 Re4 45. Qh7 Re1+ 46. Rxe1 Qxe1+ 47. Kh2 Qe5+ 48. Kg1 Qd4+ 49. Kf1 Rf8+ 50. Rf7 Rxf7+ 51. Qxf7 Qf4+ 0-1

[Event "San Pedro del Pinatar 4th"]
[Site "San Pedro del Pinatar"]
[Date "2013.01.13"]
[Round "6.7"]
[White "Lopez Garcia, Francisco Andres"]
[Black "Rubio Tapia, Jose Juan"]
[Result "0-1"]
[WhiteElo "1992"]
[BlackElo "2113"]
[PlyCount "96"]
[EventDate "2013.01.11"]
[EventType "swiss"]
[EventRounds "7"]
[EventCountry "ESP"]
[SourceTitle "EXT 2024"]
[Source "ChessBase"]
[SourceDate "2023.10.10"]
[SourceVersion "1"]
[SourceVersionDate "2023.10.10"]
[SourceQuality "1"]

1. e4 e5 2. Nf3 Nf6 3. Nc3 Bb4 4. Bc4 0-0 5. 0-0 Nc6 6. d3 Bxc3 7. bxc3 d5 8. exd5 Nxd5 9. Ng5 h6 10. Qf3 Nce7 11. Ne4 Kh8 12. Ng3 c6 13. d4 Ng6 14. Bd3 exd4 15. cxd4 Nf6 16. c3 Bg4 17. Qe3 Nd5 18. Qd2 Qh4 19. Bxg6 fxg6 20. f3 Bd7 21. Qd3 Qf6 22. Rb1 b5 23. Bd2 Nb6 24. Rbe1 Rae8 25. Ne4 Qf5 26. g4 Qd5 27. Qe2 Nc4 28. Bc1 g5 29. Qg2 a5 30. Qg3 b4 31. cxb4 Qxd4+ 32. Kg2 axb4 33. Rd1 Qa7 34. h4 gxh4 35. Qxh4 Re6 36. g5 Rg6 37. Rf2 Bf5 38. Ng3 Ne3+ 39. Bxe3 Qxe3 40. Qxb4 Rf7 41. Qb8+ Kh7 42. Rd8 Rxg5 43. Rh8+ Kg6 44. Re8 Qd4 45. Rd8 Qh4 46. Rd6+ Kh7 47. Rd8 Qh3+ 48. Kg1 Rxg3+ 0-1

[Event "San Pedro del Pinatar 4th"]
[Site "San Pedro del Pinatar"]
[Date "2013.01.12"]
[Round "5.7"]
[White "Rubio Tapia, Jose Juan"]
[Black "Serarols Mabras, Bernat"]
[Result "1/2-1/2"]
[WhiteElo "2113"]
[BlackElo "2023"]
[PlyCount "116"]
[EventDate "2013.01.11"]
[EventType "swiss"]
[EventRounds "7"]
[EventCountry "ESP"]
[SourceTitle "EXT 2024"]
[Source "ChessBase"]
[SourceDate "2023.10.10"]
[SourceVersion "1"]
[SourceVersionDate "2023.10.10"]
[SourceQuality "1"]

1. d4 Nf6 2. c4 e6 3. Nf3 d5 4. Nc3 Bb4 5. Bg5 Nbd7 6. Bxf6 Qxf6 7. e3 c5 8. cxd5 exd5 9. Qb3 Bxc3+ 10. bxc3 c4 11. Qb5 Qd6 12. Be2 a6 13. Qb2 0-0 14. 0-0 Re8 15. a4 b6 16. Nd2 Nf6 17. Bf3 Bf5 18. g3 Rab8 19. Rfc1 h6 20. Bg2 Re7 21. Nf3 Reb7 22. Ne5 b5 23. axb5 axb5 24. Ra5 b4 25. Nxc4 Qd8 26. Rc5 bxc3 27. Qxc3 Rb3 28. Qa5 dxc4 29. Qxd8+ Rxd8 30. Rxf5 Rc8 31. Rc5 Rxc5 32. dxc5 c3 33. c6 Ne8 34. Kf1 Kf8 35. Ke2 Rb2+ 36. Ke1 Rb3 37. Rc2 Nc7 38. Ke2 Ke7 39. Kd3 Nb5 40. Bd5 Rb2 41. Bc4 Nd6 42. Rxc3 Rxf2 43. h4 Nxc4 44. Rxc4 Kd8 45. c7+ Kc8 46. Ke4 Rd2 47. g4 Rd7 48. g5 hxg5 49. hxg5 Rxc7 50. Kd5 Rxc4 51. Kxc4 Kd7 52. Kd4 Ke7 53. Ke5 f6+ 54. Kf5 fxg5 55. Kxg5 Ke6 56. Kg6 Ke5 57. Kxg7 Ke4 58. Kf6 Kxe3 1/2-1/2

[Event "ESP-chT CECLUB Honor"]
[Site "Melilla"]
[Date "2011.11.22"]
[Round "2"]
[White "Rubio Tapia, Jose Juan"]
[Black "San Segundo Carrillo, Pablo"]
[Result "1-0"]
[WhiteElo "2102"]
[BlackElo "2509"]
[PlyCount "113"]
[EventDate "2011.11.21"]
[EventType "team-tourn"]
[EventRounds "7"]
[EventCountry "ESP"]
[SourceTitle "CBM 146"]
[Source "ChessBase"]
[SourceDate "2012.01.18"]
[SourceVersion "1"]
[SourceVersionDate "2012.01.18"]
[SourceQuality "1"]
[WhiteTeam "Reverte Albox"]
[BlackTeam "Taldea Gros Xake"]
[WhiteTeamCountry "ESP"]
[BlackTeamCountry "ESP"]

1. d4 d5 2. c4 c6 3. Nc3 Nf6 4. Bg5 Qb6 5. Na4 Qa5+ 6. Bd2 Qd8 7. cxd5 cxd5 8. e3 Ne4 9. Nf3 e6 10. Bd3 Nc6 11. 0-0 Bd6 12. Rc1 Qe7 13. a3 Bd7 14. b4 b6 15. Bb5 Rc8 16. Nc3 0-0 17. Qa4 Nb8 18. Bxd7 Qxd7 19. Qxd7 Nxd7 20. Nxe4 dxe4 21. Ng5 Nf6 22. f3 exf3 23. gxf3 Nd5 24. Ne4 Be7 25. Nf2 b5 26. Nd3 Nb6 27. Rxc8 Rxc8 28. Rc1 Rxc1+ 29. Bxc1 Bd6 30. h3 f5 31. Kf2 Kf7 32. Ke2 Nc4 33. Ne1 e5 34. Kd3 Ke6 35. e4 exd4 36. Kxd4 fxe4 37. Kxe4 Bc7 38. Nc2 Nd6+ 39. Kd3 Bb6 40. Be3 Bxe3 41. Kxe3 Kd5 42. Kd3 Nc4 43. Kc3 a6 44. Kd3 g6 45. f4 Nb2+ 46. Ke3 Kc4 47. Nd4 Nd1+ 48. Ke4 Nf2+ 49. Ke5 Nd3+ 50. Ke4 Nxf4 51. Kxf4 Kxd4 52. Kg5 Ke4 53. Kh6 Kf5 54. Kxh7 Kf6 55. Kg8 Kg5 56. Kg7 Kh5 57. h4 1-0

[Event "ESP-chT Honor Gp2"]
[Site "Montcada"]
[Date "2009.09.20"]
[Round "5"]
[White "Rubio Tapia, Jose Juan"]
[Black "Perez Candelario, Manuel"]
[Result "0-1"]
[WhiteElo "2125"]
[BlackElo "2516"]
[PlyCount "64"]
[EventDate "2009.09.16"]
[EventType "team-tourn"]
[EventRounds "5"]
[EventCountry "ESP"]
[SourceTitle "CBM 133"]
[Source "ChessBase"]
[SourceDate "2009.11.19"]
[SourceVersion "1"]
[SourceVersionDate "2009.11.19"]
[SourceQuality "1"]

1. d4 d5 2. c4 e6 3. Nc3 c6 4. Nf3 dxc4 5. a4 Bb4 6. e3 b5 7. Be2 Bb7 8. 0-0 a6 9. Ne5 Nf6 10. Bd2 0-0 11. f4 Nbd7 12. Be1 c5 13. axb5 cxd4 14. exd4 Bxc3 15. bxc3 axb5 16. Rb1 Nd5 17. Qd2 Nxe5 18. dxe5 Bc6 19. Bf2 Ra6 20. Bd4 Ne7 21. g4 Qd7 22. f5 exf5 23. gxf5 Nxf5 24. Bg4 Be4 25. Rbe1 Bd3 26. Qf4 Rg6 27. Kh1 Ng3+ 28. hxg3 Rxg4 29. e6 Qd5+ 30. Qf3 Qxf3+ 31. Rxf3 Be4 32. Rxe4 Rxe4 0-1